Educación cívica 1 /
Guardado en:
| Autor Principal: | |
|---|---|
| Otros Autores: | |
| Formato: | Libro |
| Publicado: |
Buenos Aires :
Aique,
1992
|
| Edición: | 10a. ed. |
| Materias: | |
| Etiquetas: |
Agregar Etiqueta
Sin Etiquetas, Sea el primero en etiquetar este registro!
|
| LEADER | 00739nam a22002415a 4500 | ||
|---|---|---|---|
| 001 | CEM.cems016503 | ||
| 005 | 20110531105959.0 | ||
| 008 | 130507s1992##################000#0#####d | ||
| 003 | CEMS | ||
| 020 | |a 9509003441 | ||
| 082 | 0 | 4 | |a 320 |
| 100 | 1 | |a Pasel, Susana | |
| 245 | 1 | 0 | |a Educación cívica 1 / |c Susana Pasel y Susana Asborno |
| 250 | |a 10a. ed. | ||
| 260 | |a Buenos Aires : |b Aique, |c 1992 | ||
| 300 | |a 228 p. | ||
| 505 | 0 | |a Los grupos primarios -- La escuela -- La comunidad vecinal -- El municipio -- Las provincias | |
| 653 | |a Familia | ||
| 653 | |a Grupos sociales | ||
| 653 | |a Municipio | ||
| 653 | |a Provincias-organización | ||
| 700 | 1 | |a Asborno, Susana | |
| 859 | |a CEMS |b BIB. CEMS - Agricultura |h 320 |i P263a10 |p A17487.93 |t Ej.1 |v 1 |3 1 | ||
